Statistics for Top 10 Countries with the Best Climate

Click here to take the quiz!

General Stats

  • This quiz has been taken 1,058 times
    (1,046 since last reset)
  • The average score is 8 of 10

Answer Stats

RankWorld RegionCountry% Correct
3Southern EuropeItaly
96%
4Southern EuropeSpain
94%
1Southern EuropeGreece
92%
9Western EuropeFrance
91%
5Southern EuropePortugal
87%
8AustraliaNew Zealand
84%
7South AmericaChile
79%
6CarribeanBahamas
62%
10Eastern EuropeCroatia
53%
2Middle EastCyprus
49%

Score Distribution

Percentile by Number Answered

Percent of People with Each Score

Your Score History

You have not taken this quiz since the last reset